BUBT Library Online Catalog

Vitamin and mineral requirements in human nutrition. (Record no. 443)

000 -LEADER
fixed length control field 00779nam a22002777a 4500
008 - FIXED-LENGTH DATA ELEMENTS--GENERAL INFORMATION
fixed length control field 130610b xxu||||| |||| 00| 0 eng d
020 ## - INTERNATIONAL STANDARD BOOK NUMBER
International Standard Book Number 81-7473-379-5
024 ## - OTHER STANDARD IDENTIFIER
Terms of availability Available
037 ## - SOURCE OF ACQUISITION
Terms of availability Available
040 ## - CATALOGING SOURCE
Original cataloging agency MBSTU LIBRARY
Modifying agency MBSTU LIBRARY
082 ## - DEWEY DECIMAL CLASSIFICATION NUMBER
Edition number 22
Classification number 641.18 VIT
110 ## - MAIN ENTRY--CORPORATE NAME
Corporate name or jurisdiction name as entry element WHO, FAO AND AITBS.
245 ## - TITLE STATEMENT
Title Vitamin and mineral requirements in human nutrition.
250 ## - EDITION STATEMENT
Edition statement 2nd
260 ## - PUBLICATION, DISTRIBUTION, ETC. (IMPRINT)
Place of publication, distribution, etc. Genova
Name of publisher, distributor, etc. World Health Organization.
Date of publication, distribution, etc. 2004
300 ## - PHYSICAL DESCRIPTION
Extent 24 cm.
Other physical details xix, 341 page
Type of unit 10
Size of unit 24 cm.
600 ## - SUBJECT ADDED ENTRY--PERSONAL NAME
Source of heading or term Vitamins.
610 ## - SUBJECT ADDED ENTRY--CORPORATE NAME
Source of heading or term Minerals.
650 ## - SUBJECT ADDED ENTRY--TOPICAL TERM
Source of heading or term Vitamins.
700 ## - ADDED ENTRY--PERSONAL NAME
Personal name Mahindru, S.N.
710 ## - ADDED ENTRY--CORPORATE NAME
Corporate name or jurisdiction name as entry element WHO, FAO AND AITBS.
270 ## - ADDRESS
Address Genova
City Genova
Country USA
365 ## - TRADE PRICE
Price amount 714.00
Unit of pricing 714.00
942 ## - ADDED ENTRY ELEMENTS (KOHA)
Source of classification or shelving scheme
Koha item type Books

No items available.

More Information About Library

Library Hours

  • Open: 9.00 am. to 9.00 pm.
  • Only Sunday: 9.00 am. to 6.00 pm.
  • Closed: Holiday

Contact to the University

Bangladesh University of Business and Technology Library

  • Mirpurl-2, 1216.
  • Phone:
  • Fax:
  • E-Mail: admin.library@bubt.edu.bd

Contact to the Library

Contact Person:

Md. Abdul Hakim Shah
Joint Librarian
PABX No:  113
Cell No: 01816332931
E-mail: official: admin.library@bubt.edu.bd
Personal: hakim.shah@bubt.edu.bd


BUBT Library

Copyright © 2021